Danh Tướng Việt Nam Danh tướng Lam Sơn Tập 2

সংরক্ষণ করুন:
গ্রন্থ-পঞ্জীর বিবরন
প্রধান লেখক: Nguyễn, Khắc Thuần
বিন্যাস: গ্রন্থ
ভাষা:Vietnamese
প্রকাশিত: Hà Nội Giáo Dục 1998
সংস্করন:Tái bản lần thứ 2
বিষয়গুলি:
ট্যাগগুলো: ট্যাগ যুক্ত করুন
কোনো ট্যাগ নেই, প্রথমজন হিসাবে ট্যাগ করুন!
Thư viện lưu trữ: Trung tâm Học liệu Lê Vũ Hùng, Trường Đại học Đồng Tháp
LEADER 00876pam a22002778a 4500
001 00032398
005 20171026081025.0
008 140821s1998 ||||||viesd
041 0 # |a vie 
082 1 4 |a 920.059 7  |b D107T 
100 1 # |a Nguyễn, Khắc Thuần 
245 0 0 |p Danh tướng Lam Sơn  |a Danh Tướng Việt Nam  |c Nguyễn Khắc Thuần  |n Tập 2 
250 # # |a Tái bản lần thứ 2 
260 # # |a Hà Nội  |b Giáo Dục  |c 1998 
300 # # |a 206 tr.  |c 21cm. 
653 # # |a Danh tướng 
653 # # |a Việt Nam 
653 # # |a Nhân vật lịch sử 
653 # # |a Lịch sử 
653 # # |a Lam Sơn 
852 # # |j KM.0017132 
852 # # |b Kho mượn  |j KM.0017131, KM.0017132 
910 # # |d 21/8/2014 
980 # # |a Trung tâm Học liệu Lê Vũ Hùng, Trường Đại học Đồng Tháp